ARRUPE JESUIT UNIVERSITY

CORONAVIRUS -STOP THE SPREAD - CLEAN,DISINFECT,COVER

Religious life in today's world. (Record no. 123486)

MARC details
000 -LEADER
fixed length control field 01107cam a2200301 4500
001 - CONTROL NUMBER
control field 4105556
005 - DATE AND TIME OF LATEST TRANSACTION
control field 20151008154408.0
008 - FIXED-LENGTH DATA ELEMENTS--GENERAL INFORMATION
fixed length control field 711029s1970 onc 000 0 eng
010 ## - LIBRARY OF CONGRESS CONTROL NUMBER
LC control number 74854653
015 ## - NATIONAL BIBLIOGRAPHY NUMBER
National bibliography number C71-1006
040 ## - CATALOGING SOURCE
Original cataloging agency DLC
Transcribing agency DLC
Modifying agency DLC
041 1# - LANGUAGE CODE
Language code of text/sound track or separate title engfre
050 00 - LIBRARY OF CONGRESS CALL NUMBER
Classification number BX2435
Item number .V6313
082 00 - DEWEY DECIMAL CLASSIFICATION NUMBER
Classification number 248.8/94
100 1# - MAIN ENTRY--PERSONAL NAME
Personal name Voillaume, René.
9 (RLIN) 20180
240 10 - UNIFORM TITLE
Uniform title <a href="Vie religieuse dans le monde actuel.">Vie religieuse dans le monde actuel.</a>
Language of a work English
245 10 - TITLE STATEMENT
Title Religious life in today's world.
Statement of responsibility, etc Translated from the French by Catherine Ann MacDonald.
260 ## - PUBLICATION, DISTRIBUTION, ETC. (IMPRINT)
Place of publication, distribution, etc Ottawa,
Name of publisher, distributor, etc Canadian Religious Conference,
Date of publication, distribution, etc 1970.
300 ## - PHYSICAL DESCRIPTION
Extent 303 p.
Dimensions 23 cm.
350 ## - PRICE (NR) (BK AM CF MU VM SE) [OBSOLETE]
Price $4.85
490 1# - SERIES STATEMENT
Series statement Vita evangelica
Volume number/sequential designation 4
500 ## - GENERAL NOTE
General note Translation of La vie religieuse dans le monde actuel.
500 ## - GENERAL NOTE
General note Rev. transcriptions of a series of talks given by the author in French to various groups of sisters in and around Quebec and Montreal.
650 #0 - SUBJECT ADDED ENTRY--TOPICAL TERM
Topical term or geographic name as entry element Monastic and religious life.
9 (RLIN) 20181
830 #0 - SERIES ADDED ENTRY--UNIFORM TITLE
Uniform title Collection "Vita envangelica." ;
Volume number/sequential designation no 4.
9 (RLIN) 20182
906 ## - LOCAL DATA ELEMENT F, LDF (RLIN)
a 7
b cbc
c orignew
d 4
e ncip
f 19
g y-gencatlg
942 ## - ADDED ENTRY ELEMENTS (KOHA)
Source of classification or shelving scheme Library of Congress Classification
Item type Electronic Resources
Holdings
Withdrawn status Lost status Source of classification or shelving scheme Damaged status Not for loan Collection code Home library Current library Shelving location Date acquired Total Checkouts Full call number Barcode Date last seen Date last borrowed Price effective from Koha item type
    Library of Congress Classification     Main Collection ARRUPE LIBRARY ARRUPE LIBRARY Main Collection 08/10/2015 1 BX2435 .V6313 46003026405 22/11/2017 08/10/2015 08/10/2015 Electronic Resources

 

Arrupe Library. PO Box MP320 Mt Pleasant, Harare, Zimbabwe
263 242 745411|librarian@aju.ac.zw